LEADER 01440nam0 22003131i 450 001 UON00380537 005 20231205104525.787 100 $a20100422g19461952 |0itac50 ba 101 $aita$aLAT 102 $aIT 105 $a|||| 1|||| 200 1 $aDisputationes adversus astrologiam divinatricem$f G. Pico della Mirandola$ga cura di Eugenio Garin 205 $aFirenze : A. Vallecchi$b1946-1952 210 $a2 v.$a25 cm 215 $aContenuto: Vol. 1: Libri I-IV$dvol. 2: Libri VI-XII 410 1$1001UON00279160$12001 $aEdizione Nazionale dei Classici del Pensiero Italiano$1210 $aFirenze$cVallecchi.$v2-3 606 $aASTROLOGIA$3UONC004682$2FI 620 $aIT$dFirenze$3UONL000052 676 $a133.5$cAstrologia$v21 700 1$aPICO DELLA MIRANDOLA$bGiovanni$3UONV161652$0280545 702 1$aGarin$bEugenio$3UONV007294 712 $aVallecchi$3UONV246715$4650 801 $aIT$bSOL$c20250418$gRICA 912 $aUON00380537 950 $aSIBA - SISTEMA BIBLIOTECARIO DI ATENEO$dSI ITA IV 0216 b $eSI LO 74287 5 0216 b $sBuono 950 $aSIBA - SISTEMA BIBLIOTECARIO DI ATENEO$dSI ITA IV 0216 a $eSI MR 76741 5 0216 a $sBuono 966 $aASTRONOMIA$yASTROLOGIA$3UONC004663 996 $aDisputationes adversus astrologiam divinatricem$9519388 997 $aUNIOR